|
|
|
|
| LEADER |
01532nam a2200397Ia 4500 |
| 001 |
EBC227636 |
| 003 |
MiAaPQ |
| 005 |
20200520144314.0 |
| 006 |
m o d | |
| 007 |
cr cn||||||||| |
| 008 |
020813s2003 maua sb 001 0 eng d |
| 010 |
|
|
|z 2002032660
|
| 020 |
|
|
|z 9781580537643
|
| 020 |
|
|
|z 1580533787 (alk. paper)
|
| 020 |
|
|
|z 1580537642
|
| 035 |
|
|
|a (MiAaPQ)EBC227636
|
| 035 |
|
|
|a (Au-PeEL)EBL227636
|
| 035 |
|
|
|a (CaPaEBR)ebr10082006
|
| 035 |
|
|
|a (OCoLC)559837801
|
| 040 |
|
|
|a MiAaPQ
|c MiAaPQ
|d MiAaPQ
|
| 050 |
|
4 |
|a TA168
|b .F29 2003
|
| 082 |
0 |
4 |
|a 658.4/04
|2 21
|
| 100 |
1 |
|
|a Faulconbridge, R. Ian.
|
| 245 |
1 |
0 |
|a Managing complex technical projects
|h [electronic resource] :
|b a systems engineering approach /
|c R. Ian Faulconbridge, Michael J. Ryan.
|
| 260 |
|
|
|a Boston :
|b Artech House,
|c c2003.
|
| 300 |
|
|
|a xv, 255 p. :
|b ill.
|
| 490 |
1 |
|
|a Artech House technology management and professional development library
|
| 504 |
|
|
|a Includes bibliographical references and index.
|
| 533 |
|
|
|a Electronic reproduction. Ann Arbor, MI : ProQuest, 2015. Available via World Wide Web. Access may be limited to ProQuest affiliated libraries.
|
| 650 |
|
0 |
|a Project management.
|
| 650 |
|
0 |
|a Systems engineering.
|
| 655 |
|
4 |
|a Electronic books.
|
| 700 |
1 |
|
|a Ryan, M. J.
|q (Michael J.)
|
| 710 |
2 |
|
|a ProQuest (Firm)
|
| 830 |
|
0 |
|a Artech House technology management and professional development library.
|
| 856 |
4 |
0 |
|u https://ebookcentral.proquest.com/lib/matrademy/detail.action?docID=227636
|z Click to View
|